000 00471nam a2200181Ia 4500
001 23486
005 20260414150940.0
008 260414t2013||||xx |||||||||||||| ||spa||
041 _aESP
082 _a650.1
_bS68
100 _aSoret los Santos, Ignacio
_eAUT
245 0 _aHistoria de un emprendedor :
_bcaso IQS (Industrias Químicas Satecma)
260 _c2013
300 _a56 páginas :
_c30 cm.
650 _aGEN
654 _aCCO
942 _cLIB
_dJUS
_fJUS
_2ddc
_n
999 _c23486
_d23486